MARC Record
Leader
003
BE-GnUNI
007
't'u
035
a| (MSK)314000582
084
a| II.D.59
245
0
0
a| Information.
260
a| Berlin
a| Berlin :
b| Gebr. Mann Verlag
b| Deutscher Verlag für Kunstwissenschaft.
546
a| Duits
500
a| Tijdschriften
852
4
b| MSK
c| MSK
j| II.D.59
920
a| tijdschrift
001
000044751
005
20241224121705.0